000 00255nam a2200109Ia 4500
005 20251222141936.0
008 251222s9999||||xx |||||||||||||| ||spa||
082 _a330.122/D56
245 0 _aDemocracia y Economía de Mercado:
264 _bILD
942 _cLIB
999 _c9191
_d9191